[Event "AUTO-ADV-2416"]
[Site "http://www.queenalice.com/game.php?id=1089785"]
[Date "2012.8.2"]
[Round "2"]
[White "Blutigeroo"]
[Black "REUSKING"]
[Result "1-0"]
[WhiteElo "1897"]
[BlackElo "1993"]

1. e4 e5 2. Nf3 Nf6 3. d3 Nc6 4. Be2 Be7 5. O-O O-O 6. Nc3 d5 7. exd5 Nxd5 8.
Nxd5 Qxd5 9. Be3 Bf5 10. c4 Qd7 11. a3 Bf6 12. Ra2 Rad8 13. Ne1 Nd4 14. Bxd4
exd4 15. b4 b6 16. Nf3 c5 17. bxc5 bxc5 18. Qc2 Rb8 19. Rb1 Qc7 20. Rab2 h6 21.
Nd2 Rxb2 22. Rxb2 Re8 23. Nb3 Be5 24. g3 Bd7 25. Bf3 Bc6 26. Bxc6 Qxc6 27. Rb1
Bc7 28. Nd2 Rb8 29. Rxb8+ Bxb8 30. Qb3 Qb6 31. Qa4 Kh7 32. f3 Be5 33. Kf2 f5 34.
Qd7 Qg6 35. Qxa7 f4 36. Ne4 fxg3+ 37. hxg3 Qc6 38. Qxc5 Qxc5 39. Nxc5 Bd6 40.
Nb3 Bxa3 41. Nxd4 Bb2 42. Nb5 1-0

[Event "AUTO-ADV-2382"]
[Site "http://www.queenalice.com/game.php?id=1104483"]
[Date "2012.9.19"]
[Round "2"]
[White "Nias"]
[Black "Blutigeroo"]
[Result "0-1"]
[WhiteElo "1575"]
[BlackElo "1963"]

1. e4 c5 2. c4 Nc6 3. Nf3 g6 4. d3 Bg7 5. a3 Nf6 6. Bg5 O-O 7. Bxf6 Bxf6 8. Qd2
Nd4 9. Nxd4 Bxd4 10. Be2 f5 11. Nc3 f4 12. f3 Be3 13. Qc2 e6 14. a4 Qh4+ 0-1

[Event "AUTO-ADV-2382"]
[Site "http://www.queenalice.com/game.php?id=1104484"]
[Date "2012.9.19"]
[Round "2"]
[White "Blutigeroo"]
[Black "Nias"]
[Result "1-0"]
[WhiteElo "1972"]
[BlackElo "1590"]

1. e4 e5 2. Nf3 Qf6 3. Be2 Nc6 4. O-O Bc5 5. d3 h6 6. Be3 Bxe3 7. fxe3 g5 8. d4
Qg6 9. d5 Nce7 10. Nxe5 Qxe4 11. Nxf7 Rh7 12. Bh5 Qxd5 13. Nxg5+ Kd8 14. Rf8#
1-0

[Event "AUTO-ADV-2382"]
[Site "http://www.queenalice.com/game.php?id=1104487"]
[Date "2012.9.19"]
[Round "2"]
[White "maurice91"]
[Black "Blutigeroo"]
[Result "0-1"]
[WhiteElo "1808"]
[BlackElo "1988"]

1. d4 f5 2. c4 Nf6 3. Nc3 e6 4. Bg5 Be7 5. Nf3 O-O 6. e3 c5 7. d5 d6 8. dxe6
Bxe6 9. Bd3 Nbd7 10. O-O Ne5 11. Nxe5 dxe5 12. Be2 h6 13. Bxf6 Bxf6 14. Rc1 Qe7
15. e4 Bg5 16. Rc2 Qf7 17. b3 Rad8 18. Qe1 f4 19. Bf3 h5 20. Qe2 g6 21. Nd5 Kg7
22. Rd1 h4 23. h3 Rd6 24. Bg4 Rfd8 25. Bxe6 Rxe6 26. f3 Rd7 27. Qf2 Bd8 28. Kf1
Rc6 29. a4 g5 30. Rdc1 Ba5 31. Rb2 Bb4 32. Nxb4 cxb4 33. Qe1 Qe7 34. Rd2 Rcd6
35. Rd5 Rxd5 36. cxd5 a5 37. Qf2 Qd8 38. Qb2 Kf6 39. Rc5 Qb6 40. Qc2 Ke7 41. Qc4
Kd6 42. Rb5 Qa7 43. Qd3 Rc7 44. Qd1 Qe3 45. Rxa5 Rc1 46. Qxc1 Qxc1+ 47. Kf2 Qe3+
48. Kf1 Qxb3 49. Ra7 Qd1+ 0-1

[Event "AUTO-ADV-2382"]
[Site "http://www.queenalice.com/game.php?id=1104488"]
[Date "2012.9.19"]
[Round "2"]
[White "Blutigeroo"]
[Black "maurice91"]
[Result "1-0"]
[WhiteElo "1965"]
[BlackElo "1745"]

1. e4 c6 2. d4 g6 3. Nf3 Bg7 4. Bc4 d5 5. exd5 cxd5 6. Bb3 Nc6 7. c3 Bg4 8. O-O
e6 9. Qd3 Bf5 10. Qb5 Ne7 11. Re1 Rb8 12. Bf4 a6 13. Qa4 Bd3 14. Bxb8 Qxb8 15.
c4 dxc4 16. Bxc4 Bxc4 17. Qxc4 O-O 18. Nc3 Nf5 19. d5 exd5 20. Qxd5 Rd8 21. Qb3
Na5 22. Qa4 Nc6 23. Rad1 Rc8 24. Rd7 Na7 25. Nd5 Rc6 26. g4 Nh6 27. Ne7+ Kh8 28.
Nxc6 bxc6 29. Qe4 Nb5 30. Qe8+ Qxe8 31. Rxe8+ Ng8 32. Rdd8 1-0

[Event "AUTO-ADV-2382"]
[Site "http://www.queenalice.com/game.php?id=1104489"]
[Date "2012.9.19"]
[Round "2"]
[White "lawyerplayer"]
[Black "Blutigeroo"]
[Result "1-0"]
[WhiteElo "2011"]
[BlackElo "1951"]

1. d4 f5 2. c4 Nf6 3. Nc3 c6 4. Qc2 d5 5. cxd5 cxd5 6. Nf3 Nc6 7. Bf4 e6 8. e3
Be7 9. a3 O-O 10. Bd3 a6 11. O-O b5 12. b4 Nh5 13. Nxb5 Nxf4 14. exf4 Bb7 15.
Nc3 Rc8 16. Qb2 Bd6 17. g3 Qe8 18. b5 Nb8 19. Rfe1 Qh5 20. Ne5 g5 21. Be2 Qh6
22. fxg5 Qxg5 23. Nf3 Qf6 24. bxa6 Bxa6 25. Bxa6 Nxa6 26. Qb6 Rxc3 27. Qxd6 Nc7
28. Re3 Rd8 29. Qb4 Rc4 30. Qb6 f4 31. Rd3 fxg3 32. hxg3 Qh6 33. a4 Rc8 34. a5
Kh8 35. Qd6 Ne8 36. Qe5+ Ng7 37. a6 Qg6 38. Rdd1 Kg8 39. a7 Ra8 40. Rdb1 Rcc8
41. Rb8 Qe8 42. Rb7 Nf5 43. Nh4 Qc6 44. Rab1 Nxh4 45. Qg7# 1-0

[Event "AUTO-ADV-2382"]
[Site "http://www.queenalice.com/game.php?id=1104490"]
[Date "2012.9.19"]
[Round "2"]
[White "Blutigeroo"]
[Black "lawyerplayer"]
[Result "0-1"]
[WhiteElo "1937"]
[BlackElo "2025"]

1. d4 Nf6 2. Nc3 d5 3. g3 Bf5 4. Bg2 e6 5. Nf3 h6 6. O-O c5 7. dxc5 Bxc5 8. Nb5
a6 9. Nbd4 Bh7 10. Ne5 O-O 11. g4 Ne4 12. Bxe4 Bxe4 13. Nef3 Nc6 14. c3 Qc7 15.
Kg2 Rad8 16. Rh1 e5 17. Nf5 d4 18. Qe1 Bxf5 19. gxf5 e4 20. Nxd4 Nxd4 21. cxd4
Bxd4 22. e3 Bf6 23. Qe2 Rd5 24. f4 exf3+ 25. Qxf3 Qc2+ 26. Qf2 Qxf2+ 27. Kxf2
Rxf5+ 28. Ke2 Re8 29. Rb1 Bg5 30. h4 Bd8 31. Rh3 Rh5 32. Kf3 Rxh4 33. Rxh4 Bxh4
34. b4 Bd8 35. a4 h5 36. a5 g5 37. Bb2 Kh7 38. Rd1 Kg6 39. Rh1 g4+ 40. Ke2 Bg5
41. Bd4 h4 42. Kd3 g3 43. e4 g2 44. Rh2 Kh5 45. Rxg2 h3 46. Rh2 Kg4 0-1

[Event "AUTO-ADV-2491"]
[Site "http://www.queenalice.com/game.php?id=1107664"]
[Date "2012.9.29"]
[Round "2"]
[White "RobertD"]
[Black "Blutigeroo"]
[Result "0-1"]
[WhiteElo "1861"]
[BlackElo "1952"]

1. d4 f5 2. e3 Nf6 3. c4 c6 4. Nc3 e6 5. a3 Be7 6. Nf3 O-O 7. Bd3 b6 8. Qc2 d5
9. O-O c5 10. cxd5 Nxd5 11. Nxd5 Qxd5 12. e4 Qd7 13. exf5 exf5 14. dxc5 Bxc5 15.
b4 Bd6 16. Bc4+ Kh8 17. Bb2 Bb7 18. Qb3 Qe8 19. Bd5 Nc6 20. Qc3 Qd7 21. Be6 Qc7
22. Rac1 Rf6 23. Qb3 Rh6 24. g3 Qe7 25. Bd5 Nd8 26. Bxb7 Qxb7 27. Qd3 f4 28. Qd4
a5 29. Rc6 Nxc6 30. Qd5 Rd8 31. Ng5 Rd7 32. Qe4 Ne5 33. Qxb7 Rxb7 34. Rd1 Nc4
35. Bd4 axb4 36. axb4 Rg6 37. Ne4 h6 38. Nxd6 Rxd6 0-1

[Event "AUTO-ADV-2491"]
[Site "http://www.queenalice.com/game.php?id=1107665"]
[Date "2012.9.29"]
[Round "2"]
[White "Blutigeroo"]
[Black "RobertD"]
[Result "0-1"]
[WhiteElo "1974"]
[BlackElo "1825"]

1. c4 Nf6 2. Nc3 g6 3. d4 Bg7 4. g3 d6 5. Bg2 O-O 6. Nf3 c6 7. O-O Nbd7 8. e4
Qc7 9. Re1 e6 10. h4 Ng4 11. Be3 f5 12. Nh2 Nxe3 13. Rxe3 Nf6 14. Qd3 fxe4 15.
Nxe4 d5 16. Nxf6+ Bxf6 17. Rae1 Qg7 18. Nf3 Bd7 19. Bh3 Rae8 20. g4 Qf7 21. c5
Bxh4 22. g5 Qf4 23. Qe2 Bxg5 24. Nxg5 Qxg5+ 25. Kh1 Rf4 26. Rg1 Qh4 27. Reg3 e5
28. Qd3 e4 29. Qf1 Ref8 30. Qg2 R8f6 31. Qh2 Bxh3 32. Rxh3 Qxf2 33. Rxh7 Qxh2+
34. Rxh2 Rf1 35. Rxf1 Rxf1+ 36. Kg2 Rd1 0-1

[Event "AUTO-ADV-2491"]
[Site "http://www.queenalice.com/game.php?id=1107668"]
[Date "2012.9.29"]
[Round "2"]
[White "Modaste"]
[Black "Blutigeroo"]
[Result "0-1"]
[WhiteElo "1728"]
[BlackElo "1964"]

1. d4 f5 2. e3 Nf6 3. Bd3 e6 4. Ne2 Be7 5. O-O O-O 6. c4 c6 7. Bd2 Na6 8. a3 Nc7
9. Nbc3 b6 10. Rc1 Bb7 11. b4 c5 12. bxc5 bxc5 13. Rb1 Bc6 14. a4 a6 15. Qc2 Bd6
16. f3 Qc8 0-1

[Event "AUTO-ADV-2491"]
[Site "http://www.queenalice.com/game.php?id=1107669"]
[Date "2012.9.29"]
[Round "2"]
[White "Blutigeroo"]
[Black "Modaste"]
[Result "1-0"]
[WhiteElo "1971"]
[BlackElo "1721"]

1. c4 e5 2. Nc3 Nf6 3. e3 d5 4. d4 exd4 5. exd4 Be7 6. c5 O-O 7. Be3 c6 8. Qc2
b5 9. a4 b4 10. Nd1 a5 11. b3 h6 12. Nb2 Be6 13. h3 Nbd7 14. f4 Ne4 15. Ne2 Bh4+
16. g3 1-0

[Event "AUTO-ADV-2482"]
[Site "http://www.queenalice.com/game.php?id=1111414"]
[Date "2012.10.11"]
[Round "2"]
[White "Blutigeroo"]
[Black "pgierech"]
[Result "0-1"]
[WhiteElo "1982"]
[BlackElo "1953"]

1. c4 Nf6 2. Nc3 e6 3. e4 c6 4. Be2 Qc7 5. Nf3 d5 6. e5 Ng4 7. d4 Be7 8. h3 Nh6
9. O-O Nf5 10. a3 O-O 11. b4 Nd7 12. Ra2 dxc4 13. Bxc4 Nb6 14. Bb3 Rd8 15. Rd2
Nd5 16. Ne2 b6 17. Bb2 Ba6 18. Re1 Rac8 19. Qb1 h6 20. Rc1 Nh4 21. Nxh4 Bxh4 22.
g3 Be7 23. Qe4 Qd7 24. Nf4 Nxf4 25. Qxf4 Bg5 26. Qe4 Bxd2 27. Rc2 Bg5 28. h4 Be7
29. f4 c5 30. Rd2 Qb5 31. Bc2 g6 32. h5 Qe8 33. Rh2 Kg7 34. g4 cxd4 35. Bxd4 Qc6
36. Qe3 Qc4 37. Rd2 Qf1+ 38. Kh2 Bb7 39. Be4 Bxe4 40. Qxe4 Rc4 41. Qe3 Bh4 42.
f5 Bg5 0-1

[Event "AUTO-ADV-2482"]
[Site "http://www.queenalice.com/game.php?id=1111415"]
[Date "2012.10.11"]
[Round "2"]
[White "pgierech"]
[Black "Blutigeroo"]
[Result "1-0"]
[WhiteElo "2028"]
[BlackElo "1997"]

1. c4 Nf6 2. Nf3 g6 3. Nc3 Bg7 4. d4 c6 5. g3 O-O 6. Bg2 d5 7. O-O Re8 8. b3 Ne4
9. Bb2 Bg4 10. Qc2 f5 11. Rae1 Bxf3 12. exf3 Nd6 13. Na4 b5 14. cxb5 cxb5 15.
Nc5 Qc8 16. f4 e6 17. Rxe6 Ne4 18. Rxe8+ Qxe8 19. Nd3 Na6 20. Ne5 Rc8 21. Qe2
Bf8 22. Rc1 Bb4 23. Rxc8 Qxc8 24. Qxb5 Qc2 25. Qe8+ Kg7 26. Qd7+ Kh6 27. Nf7+
Kh5 28. Bf3# 1-0

[Event "AUTO-ADV-2491"]
[Site "http://www.queenalice.com/game.php?id=1116744"]
[Date "2012.10.28"]
[Round "3"]
[White "ErasmudoPorto"]
[Black "Blutigeroo"]
[Result "1-0"]
[WhiteElo "2088"]
[BlackElo "1964"]

1. e4 c5 2. Nf3 Nc6 3. d4 cxd4 4. Nxd4 Qc7 5. Nc3 e6 6. Bb5 Nxd4 7. Qxd4 e5 8.
Qa4 h6 9. Nd5 Qd8 10. Be3 b6 11. O-O-O Nf6 12. Nxf6+ gxf6 13. Rd5 Bc5 14. Bxc5
bxc5 15. Rhd1 O-O 16. Bc6 Rb8 17. Qxa7 Qb6 18. Qxb6 Rxb6 19. Bxd7 Bb7 20. Rxc5
Bxe4 21. f3 Ba8 22. Bf5 Rfb8 23. b3 Rb4 24. Rc7 e4 25. fxe4 Bxe4 26. Bxe4 Rxe4
27. Rdd7 Rf8 28. Kd2 Kg7 29. a4 Kg6 30. a5 Re6 31. b4 Rfe8 32. Rxf7 Re2+ 33. Kc1
1-0

[Event "AUTO-ADV-2491"]
[Site "http://www.queenalice.com/game.php?id=1116745"]
[Date "2012.10.28"]
[Round "3"]
[White "Blutigeroo"]
[Black "ErasmudoPorto"]
[Result "1-0"]
[WhiteElo "1955"]
[BlackElo "2079"]

1. c4 Nf6 2. Nc3 g6 3. d4 Bg7 4. g3 d6 5. Bg2 O-O 6. Nf3 Nbd7 7. O-O e5 8. d5 c6
9. e4 Nc5 10. Re1 a5 11. b3 Qc7 12. Ba3 Bd7 13. Bxc5 dxc5 14. d6 Qc8 15. Nxe5
Re8 16. Nxd7 Qxd7 17. e5 Ng4 18. f4 f6 19. h3 Nh6 20. Na4 Ra6 21. Nxc5 Qd8 22.
Nxa6 bxa6 23. Bxc6 1-0

[Event "AUTO-ADV-2491"]
[Site "http://www.queenalice.com/game.php?id=1116746"]
[Date "2012.10.28"]
[Round "3"]
[White "RobertD"]
[Black "Blutigeroo"]
[Result "0-1"]
[WhiteElo "1842"]
[BlackElo "1943"]

1. d4 f5 2. e4 d6 3. Bd3 e6 4. exf5 exf5 5. Nf3 Be7 6. O-O Nf6 7. Bg5 O-O 8. Nc3
b6 9. Bxf6 Bxf6 10. Nd5 c6 11. Ne3 g6 12. c3 Be6 13. Qc2 Nd7 14. Rfe1 b5 15. b3
a5 16. d5 cxd5 17. Nf1 Ne5 18. Nxe5 dxe5 19. Bxb5 Qb6 20. a4 Ra7 21. b4 Rc8 22.
Qd2 Rac7 23. Rac1 e4 24. Ne3 d4 25. cxd4 Bxd4 26. Rxc7 Rxc7 27. bxa5 Qc5 28. a6
Kf7 29. h3 Bc3 30. Qd1 Bxe1 31. Qxe1 Qc1 0-1

[Event "AUTO-ADV-2491"]
[Site "http://www.queenalice.com/game.php?id=1116747"]
[Date "2012.10.28"]
[Round "3"]
[White "Blutigeroo"]
[Black "RobertD"]
[Result "0-1"]
[WhiteElo "1965"]
[BlackElo "1820"]

1. c4 g6 2. Nc3 Bg7 3. d4 Nf6 4. g3 O-O 5. Bg2 e6 6. Nf3 d5 7. cxd5 exd5 8. O-O
c6 9. Ne5 Nbd7 10. f4 Qb6 11. Kh1 Nxe5 12. fxe5 Ne8 13. e4 dxe4 14. Bxe4 Be6 15.
Na4 Qd8 16. Nc5 Bc4 17. Rf2 b6 18. Na4 Bd5 19. Qd3 Nc7 20. Be3 Bxe4+ 21. Qxe4
Nd5 22. Nc3 Nxe3 23. Qxe3 Re8 24. Qd2 b5 25. Raf1 Re7 26. Ne4 Qd5 27. Qd3 Bxe5
28. Kg1 Bxd4 29. Nf6+ Bxf6 30. Rxf6 Qxd3 0-1

[Event "AUTO-ADV-2476"]
[Site "http://www.queenalice.com/game.php?id=1161754"]
[Date "2013.3.17"]
[Round "3"]
[White "alexsandrob3478"]
[Black "Blutigeroo"]
[Result "0-1"]
[WhiteElo "1900"]
[BlackElo "1950"]

1. d4 d6 2. c4 b6 3. Nf3 Bb7 4. g3 Bxf3 5. exf3 Nd7 6. Bg2 c6 7. f4 Qc7 8. O-O
O-O-O 9. Nc3 e6 10. d5 c5 11. Nb5 Qb8 12. dxe6 fxe6 13. Qd3 a6 14. Qf3 axb5 15.
a4 b4 16. a5 Ne7 17. a6 d5 18. Rd1 Qa8 19. Qg4 Qc6 20. f5 Nf6 21. Qe2 Nxf5 22.
a7 Kb7 23. cxd5 exd5 24. Qa6+ Ka8 25. Bg5 Nd4 26. Be3 Nb5 27. Bf1 Nc7 28. Qa2 h6
29. Bf4 Bd6 30. Be3 Rhf8 31. Bd4 cxd4 32. Rdc1 Bc5 33. Bd3 Ng4 34. Rc2 Ne5 35.
Bf1 d3 36. Rcc1 Rxf2 0-1

[Event "AUTO-ADV-2476"]
[Site "http://www.queenalice.com/game.php?id=1161755"]
[Date "2013.3.17"]
[Round "3"]
[White "Blutigeroo"]
[Black "alexsandrob3478"]
[Result "1-0"]
[WhiteElo "1936"]
[BlackElo "1889"]

1. d4 Nf6 2. c4 e5 3. d5 Bb4+ 4. Bd2 Qe7 5. a3 Bxd2+ 6. Nxd2 d6 7. Qc2 Nbd7 8.
e4 a5 9. a4 Nc5 10. Ngf3 O-O 11. h3 Bd7 12. b3 c6 13. Be2 Nh5 14. O-O-O Nf4 15.
Bf1 Rfc8 16. g3 cxd5 17. gxf4 Nxe4 18. Nxe4 dxe4 19. Qxe4 Bc6 20. Qe2 exf4 21.
Qxe7 Bxf3 22. Rg1 Bxd1 23. Kxd1 1-0

[Event "AUTO-ADV-2476"]
[Site "http://www.queenalice.com/game.php?id=1161756"]
[Date "2013.3.17"]
[Round "3"]
[White "favos"]
[Black "Blutigeroo"]
[Result "0-1"]
[WhiteElo "2058"]
[BlackElo "1964"]

1. Nf3 d5 2. c4 d4 3. d3 e6 4. e4 Nc6 5. Nbd2 e5 6. a3 Bd6 7. Be2 Bd7 8. O-O Nf6
9. b4 a6 10. c5 Be7 11. Nc4 O-O 12. Bg5 Ng4 13. Bxe7 Qxe7 14. h3 Nf6 15. Qc2
Rfd8 16. Kh1 h6 17. Nh2 g5 18. Nd2 Nh7 19. Ng4 Kg7 20. Nc4 f5 21. exf5 Bxf5 22.
Rae1 h5 23. Nh2 g4 24. Qd2 Ng5 25. hxg4 hxg4 26. Bxg4 Bxg4 27. Nxe5 Nxe5 28.
Nxg4 Rh8+ 29. Nh2 Ngf3 30. gxf3 Qh4 31. Rg1+ Kf8 32. Rg2 Nxf3 33. Rg8+ Rxg8 0-1

[Event "AUTO-ADV-2476"]
[Site "http://www.queenalice.com/game.php?id=1161757"]
[Date "2013.3.17"]
[Round "3"]
[White "Blutigeroo"]
[Black "favos"]
[Result "1-0"]
[WhiteElo "1984"]
[BlackElo "1996"]

1. c4 Nf6 2. d4 g6 3. Nc3 Bg7 4. Nf3 O-O 5. e3 d6 6. Be2 c5 7. O-O Nbd7 8. Rb1
e5 9. dxe5 dxe5 10. Qc2 Qe7 11. e4 b6 12. Bg5 Bb7 13. Rfd1 Rfd8 14. Rd2 Nf8 15.
Nd5 Bxd5 16. exd5 e4 17. Ne1 h6 18. Be3 Rd7 19. Rbd1 Rad8 20. g3 g5 21. Ng2 Ng6
22. f4 exf3 23. Bxf3 Ne5 24. Be4 Nfg4 25. Re2 Nf6 26. Bf5 Rd6 27. Rf1 Qb7 28. h4
g4 29. Ne1 Nh5 30. Kh2 Qc7 31. Bf4 Nxf4 32. Rxf4 h5 33. b3 Re8 34. Kg2 Bh6 35.
Bh7+ Kf8 36. Rf5 Bg7 37. Rxh5 Rf6 38. Qe4 Rf3 39. Bf5 Qb8 40. Re3 Rxe3 41. Qxe3
Nf3 42. Be4 Nxe1+ 43. Qxe1 Re5 44. Rxe5 Qxe5 45. Qb1 Qd4 46. Qc2 Qe3 47. Qd3 Qe1
48. Bf5 Bd4 49. Bxg4 Qg1+ 50. Kf3 Qf2+ 51. Ke4 Qe1+ 52. Be2 Qh1+ 53. Kf4 Qc1+
54. Kg4 Qh6 55. Kh3 Be5 56. Bg4 Qc1 57. Qf3 Bf6 58. Bh5 Qc3 59. Qxc3 Bxc3 60.
Kg4 Be5 61. Kf3 Kg7 62. Bg4 Kg6 63. Bd7 f5 64. g4 f4 65. Bf5+ Kf6 66. Ke4 Bd6
67. g5+ Kg7 68. Bg4 1-0